Statistics for Washington Cities That Start With E

Click here to take the quiz!

General Stats

  • This quiz has been taken 5 times
  • The average score is 10 of 14

Answer Stats

#CountyCity or TownTypePopulationCity% Correct
67SnohomishCityCode42,670Edmonds
100%
74King, PierceCityCode12,934Enumclaw
100%
75GrantCityCode (county seat)8,453Ephrata
100%
76SnohomishCityFirst Class (county seat)110,576Everett
100%
77WhatcomCityCode3,106Everson
100%
64DouglasCityCode14,250East Wenatchee
67%
65PierceTown2,844Eatonville
67%
66PierceCityCode13,140Edgewood
67%
69KittitasCityCode (county seat)20,050Ellensburg
67%
70Grays HarborCityCode3,542Elma
67%
72WhitmanTown307Endicott
67%
73ChelanCityCode1,459Entiat
67%
68GrantCityCode952Electric City
33%
71OkanoganTown248Elmer City
33%

Score Distribution

Percentile by Number Answered

Percent of People with Each Score

Your Score History

You have not taken this quiz